KOHA-Header-6

Kirdar Ki Deemak (Record no. 7033)

000 -LEADER
fixed length control field 00261nam a2200109Ia 4500
100 ## - MAIN ENTRY--AUTHOR NAME
Personal name Captain Nazeer-uddin-Khan
245 #0 - TITLE STATEMENT
Title Kirdar Ki Deemak
260 ## - PUBLICATION, DISTRIBUTION, ETC. (IMPRINT)
Place of publication Karachi
Name of publisher Royal Book
Year of publication 2007
300 ## - PHYSICAL DESCRIPTION
Number of Pages 92
942 ## - ADDED ENTRY ELEMENTS (KOHA)
Koha item type Books
Holdings
Withdrawn status Lost status Permanent Location Current Location Shelving location Date acquired Full call number Accession Number Koha item type
    MAJU MAJU   2019-09-11 389.2 638 Books

Powered by Koha